000
00431nam a22001097a 4500
040
_c
RUA
082
_a
FAO FFP 2011 C011 Or.
245
_a
សៀវភៅផ្សព្វផ្សាយស្តីពីសារៈប្រយោជន័សត្វប្លង់់តុងសម្រាប់ការបំប៉នកូនត្រី
260
_a
phnom penh
_b
rua
_c
2011
300
_a
v.13p.
_b
ill.
_c
29cm.
942
_c
REC
999
_c
22153
_d
22153